000 00769nam a2200241 i 4500
001 C2-0322781
003 PPAK
005 20180728121600.0
008 130912s2013 my |||| ||||| | eng d
040 _aPPAK
_beng
_cPPAK
_erda
082 0 4 _a657.7
_223
090 0 0 _a657.7
_bLEM
_dR
110 2 _aLembaga Piawaian Perakaunan Malaysia
245 0 0 _aMASB exposure draft 77 :
_bMalaysian private entites reporting standard (MPERS)
264 1 _aKuala Lumpur :
_bLembaga Piawaian Perakaunan Malaysia ,
_c2013
300 _a50 pages ;
_c21 cm
336 _2rdacontent
_atext
337 _2rdamedia
_aunmediated
338 _2rdacarrier
_avolume
650 1 0 _aAccounting - Periodicals.
710 2 _aLembaga Piawaian Perakaunan Malaysia
_eorganizer
942 _ddc
_cB
999 _c123018
_d123018